Statistiques concernant 10 plus petits états des Etats-Unis par le périmètre

Cliquez ici pour prendre le quiz!

Statistiques générales

  • Ce quiz a été pris 154 fois
  • Le résultat moyen est 6 sur 10

Statistiques - réponses

kmEtat% Correct
784Rhode Island
88%
848Delaware
84%
629Vermont
79%
998Connecticut
77%
1 693Hawaï
71%
1 332New Hampshire
68%
1 603Virginie-Occidentale
33%
1 640Iowa
29%
1 487Indiana
24%
1 723Pennsylvanie
20%

Distribution des résultats

Percentile par nombre de réponses

% des personnes avec chaque résultat

Votre développement - résultats

Vous n’avez pas pris ce quiz